00330nam a2200121Ia 4500008004100000041000800041082001500049100002000064245004900084260003200133300003200165365001100197240624s9999 xx 000 0 und d aeng a658.15 CHE aCHEVERTON PETER aKEY ACCOUNT MANAGEMENT IN FINANCIAL SERVICES c2010aNew DelhibKogan Page axiii, : 329 : p. : cm. ; 24 cRSb33